Strategic Management, competitiveness & globalization (Record no. 251135)
[ view plain ]
| 000 -LEADER | |
|---|---|
| fixed length control field | 00362nam a22001217a 4500 |
| 020 ## - INTERNATIONAL STANDARD BOOK NUMBER | |
| ISBN | 0176416013 |
| 100 ## - MAIN ENTRY--AUTHOR NAME | |
| Personal name | Hitt Michael A,Ireland R. Duane,Hoskisson Robert E,Rowe W.Glenn,Sheppard Jerry P. |
| 245 ## - TITLE STATEMENT | |
| Title | Strategic Management, competitiveness & globalization |
| 250 ## - EDITION STATEMENT | |
| Edition statement | 2nd ed |
| 260 ## - PUBLICATION, DISTRIBUTION, ETC. (IMPRINT) | |
| Place of publication | Canada |
| Name of publisher | Nelson Publishers |
| 300 ## - PHYSICAL DESCRIPTION | |
| Number of Pages | 468 |
| Other physical details | Ill |
| 942 ## - ADDED ENTRY ELEMENTS (KOHA) | |
| Koha item type | Long Loan Books |
| Withdrawn status | Lost status | Collection code | Home library | Current library | Shelving location | Date acquired | Full call number | Accession Number | Koha item type |
|---|---|---|---|---|---|---|---|---|---|
| Non-fiction | Rongo University Library | Rongo University Library | General Stacks | 10/11/2015 | HD5728 .D76 2005 | 201901209 | Long Loan Books | ||
| Non-fiction | Rongo University Library | Rongo University Library | General Stacks | 02/02/2018 | HD5728 .D76 2005 | 20154882 | Long Loan Books | ||
| Non-fiction | Rongo University Library | Sori Campus | General Stacks | 10/11/2015 | HD5728 .D76 2005 | 20155962 | Long Loan Books |
